| 000 | 01768nam a22002537a 4500 | ||
|---|---|---|---|
| 003 | Uzh_bibl | ||
| 008 | 260324b |||||||| |||| 00| 0 ukr d | ||
| 020 |
_a966-7186-70-9 _c5,00 |
||
| 040 | _bукр. | ||
| 041 |
_2ukr _aukr |
||
| 080 | _a34 | ||
| 090 |
_a34 _bТ 65 |
||
| 100 | _aТрачук Петро | ||
| 245 |
_aАдміністративна діяльність органів внутрішніх справ _bНавчально-методичний посібник _cРед. ЯцишинЛ.К. _hТекст |
||
| 260 |
_aУжгород _b"Міністерство освіти і науки України Ужгородський державний інститут інформатики, економіки і права" _c2002 |
||
| 300 | _a220 с. | ||
| 520 | _aНавчально-методичний посібник містить матерали з загальної та особливої частин адміністративної діяльностіорганів внутрішніх справ, а також законодавчі акти, які сприятимуть якісній підготовці спеціалістів вищої кваліфікації для органів внутрішніх справ. | ||
| 521 | _aДля широкого кола читачів | ||
| 546 | _aукр. | ||
| 650 |
_aНавчальне идання _xНавчально-методичний посібник |
||
| 653 |
_aУчасть громадян в охороні громадського порядку _aПравове положення і завдання штабів органів внутрішніх справ |
||
| 655 |
_aНавчальна література _vПосібник |
||
| 942 |
_2udc _cBK |
||
| 999 |
_c17167 _d17167 |
||